000 00605cam a22002053a 4500
001 36707
003 PGUSA
005 20140828083811.0
008 110711s2011||||xxu|||||s|||||000 | eng d
040 _aPGUSA
_beng
042 _adc
100 1 _aBarbauld,
_cMrs
_q(Anna Letitia),
_d1743-1825
245 1 0 _aCharles' Journey to France, and Other Tales
_h[electronic resource] /
_cBarbauld,
260 _bProject Gutenberg,
_c2011
506 _aPublic domain in the USA.
516 _aElectronic text
830 0 _aProject Gutenberg
_v36707
856 4 0 _uhttp://www.gutenberg.org/ebooks/36707
942 _cEB
999 _c265962
_d265962